000 00348nam a2200145Ia 4500
008 240624s9999 xx 000 0 und d
041 _aeng
082 _a338.522 WAT
100 _aWATSON DONALD STEVENSON
245 _aPRICE THEORY AND ITS USES
250 _a(5th ed.)
260 _c2004
_aDelhi
_bA.I.T.B.S.
300 _axvi, : 534
365 _cRS
999 _c1494
_d1494